000
00233nam a22000977a 4500
100
_a
Chaudhary, Aslam
245
_a
Agriculture development and public policies
260
_a
Lahore
_b
Izhar sons
_c
1989
300
_a
231p
942
_c
BK
999
_c
14970
_d
14970